[Event "Summer Chess Classic A 2018"]
[Site "Saint Louis"]
[Date "2018.05.22"]
[Round "8"]
[White "Zherebukh, Yaroslav"]
[Black "Durarbayli, Vasif"]
[Result "1-0"]
[WhiteElo "2628"]
[BlackElo "2618"]
[Annotator "TA"]
[PlyCount "63"]
[EventDate "2018.??.??"]
[EventType "tourn"]
[EventCountry "USA"]
[SourceTitle "playchess.com"]
[Source "ChessBase"]
[SourceQuality "1"]

{[%evp 14,63,25,12,16,0,29,26,29,25,47,39,52,49,159,158,205,201,212,184,205,194,176,19,26,21,24,20,25,31,44,-516,23,22,22,22,22,22,37,28,121,122,130,127,185,186,210,210,214,194,1016,1016]} 1. d4 Nf6 2. Nf3 g6 3. g3 Bg7 4. Bg2 O-O 5. O-O d5 6. c3 c6 7. Nbd2 a5 {D02: 1 d4 d5 2 Nf3 sidelines, including 2...Nf6 3 g3 and 2...Nf6 3 Bf4} (7... Nbd7 8. Re1 c5 9. a4 cxd4 10. cxd4 a5 11. Nb1 Nb8 12. Nc3 Nc6 13. Ne5 Bf5 14. Bg5 Nb4 15. Rc1 Ne4 16. Be3 Nxc3 17. bxc3 {1-0 (28) Kramnik,V (2800)-Dubov,D (2701) Moscow 2018}) 8. a4 {LiveBook: 6 Games} Re8 9. Qb3 Ra6 $146 {The position is equal.} ({Predecessor:} 9... Nbd7 10. e4 e5 11. exd5 Nxd5 12. Ne4 exd4 13. Nxd4 h6 14. Bd2 Kh7 15. Qc2 N7f6 16. Nxf6+ Bxf6 {1-0 (29) Petkov,V (2481)-Ninov,N (2436) Kragujevac 2015}) 10. Re1 Rb6 11. Qa3 Nbd7 12. e4 e5 13. exd5 e4 (13... cxd5 $14 14. Nxe5 (14. dxe5 Ng4 $14) 14... Nxe5 15. dxe5 Ng4) 14. dxc6 $16 exf3 15. Rxe8+ Qxe8 16. cxd7 Bxd7 17. Nxf3 Qe2 {[#] ...Qd1+ is the strong threat.} 18. Be3 $2 ({White must play} 18. Ne5 $1 $18) 18... Bf8 $11 19. b4 $1 axb4 20. cxb4 Rxb4 21. Qc1 Ng4 22. Qc7 $2 {[%mdl 8192]} (22. Ne5 $14 Nxe3 23. Bf3 (23. Nxd7 Nc2 $11) (23. Qxe3 Rxa4 24. Rc1 Qxe3 $11) (23. fxe3 Bh6 $17) 23... Qf1+ 24. Qxf1 Nxf1 25. Nxd7) 22... Rxa4 $2 (22... Nxe3 $19 23. Re1 Qc2 24. Qxc2 Nxc2) 23. Re1 Qb5 24. Bd2 {[#] Strongly threatening Qd8.} Rc4 25. Qf4 {Black must now prevent Bf1.} Qf5 26. Qb8 $36 {[%mdl 2048] And now h3 would win. Black is under pressure.} Rxd4 (26... Rc8 $11 {remains equal.} 27. Qxb7 Rc2) 27. Bh6 $16 (27. Nxd4 $2 {is the wrong capture.} Qxf2+ 28. Kh1 Qxd4 $19) 27... Nxh6 28. Nxd4 Qd3 (28... Qc5 $16) 29. Nf3 $18 Bc6 30. Ne5 Qd2 31. Ra1 Qd4 $2 (31... Ba4 32. Qxb7 (32. Bxb7 Qd4 $18) 32... Qd4) 32. Ra8 {Precision: White = 50%, Black = 25%.} 1-0

[Event "Summer Chess Classic A 2018"]
[Site "Saint Louis"]
[Date "2018.05.22"]
[Round "8"]
[White "Sevian, Samuel"]
[Black "Akobian, Varuzhan"]
[Result "1/2-1/2"]
[WhiteElo "2613"]
[BlackElo "2641"]
[Annotator "TA"]
[PlyCount "60"]
[EventDate "2018.??.??"]
[EventType "tourn"]
[EventCountry "USA"]
[SourceTitle "playchess.com"]
[Source "ChessBase"]
[SourceQuality "1"]

{[%evp 24,60,25,30,26,0,0,0,0,-10,-18,-9,-11,-7,0,-4,0,0,0,0,0,0,0,0,0,0,0,0,0,0,0,0,0,0,0,0,0,0,0]} 1. e4 e5 2. Nf3 Nf6 3. Nxe5 d6 4. Nf3 Nxe4 5. d4 d5 6. Bd3 Be7 7. O-O Bf5 8. Re1 O-O 9. Nbd2 {[%cal Bb1d2,Bd2f1,Bf1g3][%mdl 32] C42: Russische Verteidigung (Petrow)} Nd6 10. Nf1 Nd7 {[%cal Bb8d7,Bd7f8,Bf8e6][%mdl 32]} 11. Ng3 Bxd3 12. Qxd3 Re8 13. Bf4 {LiveBook: 3 Partien} c6 {[#]} 14. b3 $146 ({Vorgänger:} 14. Re2 Bf8 15. Rxe8 Nxe8 16. Nf5 Nef6 {½-½ (40) Navara,D (2737)-Grischuk,A (2783) Tbilisi 2017}) 14... Nf8 {Die Stellung ist ausgeglichen.} 15. c4 Ne6 16. Be5 f6 17. cxd5 cxd5 18. Bxd6 $1 Bxd6 19. Qb5 Bxg3 20. hxg3 Qd6 21. Rac1 Re7 22. Re3 Rae8 23. Rce1 Kf7 24. g4 a6 25. Qd3 g6 26. Qd2 Ng5 27. Nxg5+ fxg5 28. g3 Rxe3 29. Rxe3 Rxe3 30. Qxe3 h6 {Precision: Weiß = 74%, Schwarz = 88%.} 1/2-1/2

[Event "Summer Chess Classic A 2018"]
[Site "Saint Louis"]
[Date "2018.05.22"]
[Round "8"]
[White "Indjic, Aleksandar"]
[Black "Xiong, Jeffery"]
[Result "0-1"]
[WhiteElo "2600"]
[BlackElo "2661"]
[Annotator "TA"]
[PlyCount "98"]
[EventDate "2018.??.??"]
[EventType "tourn"]
[EventCountry "USA"]
[SourceTitle "playchess.com"]
[Source "ChessBase"]
[SourceQuality "1"]

{[%evp 29,98,0,0,0,20,18,22,0,0,0,50,0,0,0,0,0,0,0,0,0,0,0,-5,0,4,0,-8,-4,-20,-122,-98,-98,-98,-98,-102,-101,-95,-101,-92,-92,-92,-92,-92,-85,-85,-96,-96,-196,-147,-147,-147,-149,-140,-130,-106,-871,-891,-594,-393,-405,-393,-393,-386,-386,-386,-1026,-1033,-801,-720,-29974,-29973]} 1. d4 Nf6 2. c4 e6 3. Nf3 d5 4. Nc3 c5 5. cxd5 Nxd5 6. e4 Nxc3 7. bxc3 cxd4 8. cxd4 Bb4+ 9. Bd2 Bxd2+ 10. Qxd2 O-O 11. Bc4 Nd7 12. O-O b6 13. Rfe1 Bb7 14. Rad1 Rc8 {D41: Queen's Gambit Declined: Semi-Tarrasch with 5 cxd5} 15. Bb3 Re8 {LiveBook: 25 Games} 16. h4 {[#]} (16. h3 Nf6 17. Qf4 Nh5 18. Qe5 Nf6 19. Qf4 Nh5 20. Qh2 h6 21. d5 exd5 22. exd5 Rxe1+ 23. Nxe1 {½-½ (57) So,W (2799)-Kramnik,V (2800) Berlin 2018}) 16... Nf6 $146 {The position is equal.} ({Predecessor:} 16... h6 17. Qf4 Qc7 18. Qe3 Nf6 19. Rc1 Qe7 20. Nd2 Qb4 21. f3 Red8 22. Rxc8 Rxc8 {0-1 (76) Melkumyan,H (2619)-Grigoryan,A (2614) Bastia 2011}) 17. Qf4 Nh5 18. Qe3 Nf6 19. Qf4 Nh5 20. Qg5 Nf6 21. d5 exd5 $1 22. e5 Nd7 $1 {[%cal Bf6d7,Bd7f8,Bf8g6][%mdl 32]} 23. Qh5 Rc7 24. Ba4 {Black must now prevent Ng5.} Re7 25. Ng5 ({Much weaker is} 25. Bxd7 Qxd7 26. Nd4 Bc8 $17) 25... Nf8 $1 26. Ne4 Bc6 27. Bxc6 Rxc6 28. Nd6 Ng6 $36 {[%mdl 2048] White is under pressure.} 29. Qg5 (29. Nf5 $11 {keeps the balance.}) 29... h6 30. Qg3 {[#]} Rxe5 $1 {[%mdl 512]} 31. Rxe5 Nxe5 32. Nf5 {[%csl Gf5][%cal Rg3g7] [#]} Qf6 $1 {[%cal Rf6f5] [#]} 33. Nxh6+ $1 {[%mdl 512]} Qxh6 34. Qxe5 Rc1 35. Qxd5 Rxd1+ 36. Qxd1 Qxh4 $17 {[%mdl 4096] Endgame KQ-KQ} 37. g3 Qc4 38. Qd8+ (38. a3 $142) 38... Kh7 39. Qd2 a5 {[%cal Ba7a5,Ba5a4][%mdl 32]} 40. Kg2 a4 41. a3 b5 {[%cal Bb6b5,Bb5b4][%mdl 32] ...b4 is the strong threat.} 42. Qd1 $2 {[%mdl 8192]} (42. Qd7 $17) 42... g6 $19 43. g4 b4 44. Qxa4 Qxg4+ 45. Kh2 Qh5+ 46. Kg1 Qg5+ 47. Kh2 $2 (47. Kf1 Qc1+ 48. Kg2 Qxa3 49. Qe8) 47... Qe5+ 48. Kg2 Qd5+ 49. Kh2 Qd6+ {Precision: White = 45%, Black = 93%.} 0-1

[Event "Summer Chess Classic A 2018"]
[Site "Saint Louis"]
[Date "2018.05.23"]
[Round "9"]
[White "Xiong, Jeffery"]
[Black "Bok, Benjamin"]
[Result "1/2-1/2"]
[WhiteElo "2661"]
[BlackElo "2636"]
[Annotator "TA"]
[PlyCount "118"]
[EventDate "2018.??.??"]
[EventType "tourn"]
[EventCountry "USA"]
[SourceTitle "playchess.com"]
[Source "ChessBase"]
[SourceQuality "1"]

{[%evp 35,118,0,0,0,19,16,16,16,12,14,52,52,52,52,52,53,54,54,80,66,87,0,87,31,87,87,87,87,87,87,87,87,87,87,87,30,87,87,87,87,87,87,87,0,4,0,87,87,87,87,87,22,22,22,22,22,22,22,22,22,22,22,22,22,22,8,8,0,22,22,22,14,14,14,14,14,14,0,0,0,0,0,0,0,0]} 1. d4 Nf6 2. Nf3 g6 3. c4 Bg7 4. Nc3 d5 5. Bf4 O-O 6. Rc1 Be6 7. e3 dxc4 8. Ng5 Bd5 9. e4 h6 10. exd5 hxg5 11. Bxg5 Nxd5 12. Bxc4 Nb6 13. Bb3 Nc6 14. d5 {D92: Grünfeld: 4 Nf3 Bg7 5 Bf4} Nd4 15. O-O Qd7 16. Re1 Rfe8 17. h4 Rad8 18. a4 Nxb3 {LiveBook: 3 Games} 19. Qxb3 {[#]} Nxd5 $146 (19... Bxc3 {feels hotter.} 20. Rxc3 Qxd5 21. Ra1 Qxb3 22. Rxb3 a5) ({Predecessor:} 19... c6 20. dxc6 bxc6 21. Qb4 Qd4 22. Bxe7 Qxb4 23. Bxb4 Rxe1+ 24. Rxe1 {1-0 (32) Dreev,A (2662)-Tari,A (2558) Gjakova 2016}) 20. Nxd5 Qxd5 21. Qxd5 Rxd5 22. Rxc7 b5 (22... Bxb2 {is interesting.} 23. Rxb7 Bd4 24. Re2 Ra5 25. Rb4 Be5) 23. Rxa7 bxa4 24. Rxa4 Bxb2 25. Rxe7 Rxe7 26. Bxe7 $14 {[%mdl 4096] Endgame KRB-KRB} Kg7 27. Bg5 Bc1 28. Be7 (28. Bxc1 {looks sharper.} Rd1+ 29. Kh2 Rxc1 30. g4 Rb1 31. f3) 28... Bb2 $1 29. g4 (29. g3 $16) 29... Bf6 (29... f5 $14) 30. Bxf6+ $16 Kxf6 {KR-KR} 31. Kg2 Rb5 32. Kg3 Rc5 33. Ra8 Kg7 34. Re8 Ra5 35. Kf4 (35. f3 $16) 35... Ra2 (35... f5 $11) 36. f3 Rh2 37. Kg3 Rh1 38. Re2 Rg1+ 39. Kf4 (39. Rg2 $16 Rb1 40. Rd2) 39... Rh1 $11 40. Kg3 (40. Re7 $11) 40... Rg1+ $1 $16 41. Rg2 Ra1 42. Rh2 Ra3 43. h5 ({Better is} 43. Rb2 $16) 43... gxh5 $11 {The position is equal.} 44. Rxh5 Kg6 45. Rb5 Rc3 46. Rb6+ f6 47. Rb4 Kg5 48. Rd4 Ra3 49. Rd8 Kg6 50. Kf4 Ra4+ 51. Kg3 Ra3 52. Rd5 Rb3 53. Kf4 Rb4+ 54. Ke3 Rb3+ 55. Ke4 Rb4+ 56. Rd4 Rxd4+ 57. Kxd4 {[#] aiming for f4.} f5 58. gxf5+ Kxf5 59. f4 Kxf4 {Precision: White = 54%, Black = 63%.} 1/2-1/2

[Event "Summer Chess Classic A 2018"]
[Site "Saint Louis"]
[Date "2018.05.23"]
[Round "9"]
[White "Akobian, Varuzhan"]
[Black "Fridman, Daniel"]
[Result "1/2-1/2"]
[WhiteElo "2641"]
[BlackElo "2636"]
[Annotator "TA"]
[PlyCount "77"]
[EventDate "2018.??.??"]
[EventType "tourn"]
[EventCountry "USA"]
[SourceTitle "playchess.com"]
[Source "ChessBase"]
[SourceQuality "1"]

{[%evp 37,77,23,23,20,24,12,28,6,6,6,3,0,0,0,0,0,0,0,0,0,0,0,1,1,11,0,0,0,0,0,0,0,0,0,0,0,0,0,0,0,0,0]} 1. d4 d5 2. c4 e6 3. Nc3 Nf6 4. Nf3 Be7 5. Bg5 h6 6. Bh4 O-O 7. e3 Ne4 8. Bxe7 Qxe7 9. Rc1 c6 10. Bd3 Nxc3 11. Rxc3 dxc4 12. Bxc4 Nd7 13. O-O b6 14. Bd3 c5 15. Qc2 {D56: Queen's Gambit Declined: Lasker Defence} (15. Be4 Rb8 16. Qc2 Bb7 17. Bxb7 Rxb7 18. Rc1 a5 19. a3 Re8 20. h3 e5 21. dxc5 Nxc5 22. b4 axb4 23. axb4 {½-½ (31) Ipatov,A (2665)-Zherebukh,Y (2633) Saint Louis 2018}) 15... Bb7 16. Bh7+ Kh8 17. Be4 cxd4 18. Nxd4 Bxe4 19. Qxe4 Nc5 {LiveBook: 8 Games} 20. Qc2 a5 21. h3 Qb7 22. Rc1 Rfd8 {The position is equal.} 23. Nb3 $146 Na6 24. Nd4 Nc5 25. Nb3 Na6 26. a3 a4 27. Nd4 Nc5 28. b4 axb3 $1 29. Nxb3 Nxb3 30. Qxb3 Rdc8 31. Rxc8+ Rxc8 32. Rxc8+ Qxc8 33. Qxb6 $11 {[%mdl 4096] [#] Endgame Strongly threatening a4. KQ-KQ} Qc1+ 34. Kh2 {Black must now prevent a4.} Qxa3 35. Qb8+ Kh7 36. Qf4 Kg8 37. Qb8+ Kh7 38. Qf4 Kg8 39. Qb8+ {Precision: White = 61%, Black = 79%.} 1/2-1/2

[Event "Summer Chess Classic A 2018"]
[Site "Saint Louis"]
[Date "2018.05.23"]
[Round "9"]
[White "Jumabayev, Rinat"]
[Black "Indjic, Aleksandar"]
[Result "0-1"]
[WhiteElo "2621"]
[BlackElo "2600"]
[Annotator "TA"]
[PlyCount "78"]
[EventDate "2018.??.??"]
[EventType "tourn"]
[EventCountry "USA"]
[SourceTitle "playchess.com"]
[Source "ChessBase"]
[SourceQuality "1"]

{[%evp 19,78,-14,0,-10,-9,-14,-10,-16,-11,-8,0,0,0,4,7,0,0,0,1,22,20,22,59,-9,-8,-17,-31,-12,4,0,0,0,0,0,0,0,0,0,28,15,21,20,22,20,53,42,56,-74,0,0,0,-87,-72,-576,-576,-576,-576,-29992,-29993,-29993,-29994]} 1. Nf3 c5 2. c4 Nc6 3. d4 cxd4 4. Nxd4 Nf6 5. Nc3 e6 6. a3 d5 7. cxd5 {A33: Symmetrical English: 2 Nf3 Nf6 3 d4 cxd4 4 Nxd4 e6 5 Nc3 Nc6} exd5 8. e3 (8. Bg5 Bc5 9. e3 Bxd4 10. exd4 O-O 11. Be2 h6 12. Bh4 Qd6 13. Bg3 Qe7 14. O-O Bf5 15. Re1 Qd7 16. Bf3 {½-½ (33) Navara,D (2737)-Anand,V (2783) Saint Louis 2017}) 8... Bd6 9. Bb5 Bd7 10. Nf3 Be6 {LiveBook: 3 Games} 11. b3 $146 ({Predecessor:} 11. O-O O-O 12. h3 Rc8 {½-½ (85) Vakhidov,J (2586)-Lorparizangeneh,S (2468) Guilan 2016}) 11... O-O 12. Bb2 a6 13. Be2 Rc8 14. O-O Bb8 15. Rc1 Qd6 16. Na4 Ne4 17. b4 Bg4 {Threatens to win with ...Bxf3.} 18. g3 $1 Bh3 19. Re1 $1 Ba7 20. Nc3 Qh6 21. Nxe4 (21. Nxd5 $14 Qe6 22. Qd3) 21... dxe4 $11 22. Nd2 Rcd8 23. Rc2 f5 {aiming for ...f4!} 24. Qc1 f4 25. exf4 e3 $1 {[%cal Re3f2]} 26. Bc4+ Kh8 27. Rxe3 Bxe3 28. fxe3 Rd7 29. Be2 Qe6 30. Nf3 {Black must now prevent Ng5.} h6 31. Kf2 Bf5 32. Rc5 Be4 33. Ne5 {[#]} (33. Rh5 $14 {stays ahead.} Bd3 34. Ng5) 33... Nxe5 (33... Qh3 $1 $17 {[%cal Rh3h2]} 34. Nxd7 Qxh2+ 35. Kf1 (35. Ke1 Qxg3+ 36. Kd2 Rd8 $17) 35... Qg2+ 36. Ke1 Qxg3+ 37. Kd2 Rd8) 34. Rxe5 ({Reject} 34. Bxe5 Qh3 $17) 34... Qh3 $1 {[%cal Rh3h2]} 35. Qg1 (35. Rxe4 $11 {keeps the balance.} Qxh2+ 36. Kf3 Qh5+ 37. Kf2 Qh2+ 38. Kf3 Qh5+ 39. Kf2 Qh2+) 35... Rd2 $40 {[%mdl 128] Black goes for the king.} 36. Bc1 $2 {[%mdl 8192] [#]} (36. Bc3 $17 {prevents the worst.} Rc2 37. Rxe4 Rxc3 38. Qg2) 36... Rxe2+ $1 $19 {[%mdl 512]} 37. Kxe2 Qg4+ 38. Kd2 Rd8+ 39. Kc3 Qe2 {Precision: White = 56%, Black = 59%.} 0-1

[Event "Summer Chess Classic A 2018"]
[Site "Saint Louis"]
[Date "2018.05.23"]
[Round "9"]
[White "Durarbayli, Vasif"]
[Black "Sevian, Samuel"]
[Result "1/2-1/2"]
[WhiteElo "2618"]
[BlackElo "2613"]
[Annotator "TA"]
[PlyCount "145"]
[EventDate "2018.??.??"]
[EventType "tourn"]
[EventCountry "USA"]
[SourceTitle "playchess.com"]
[Source "ChessBase"]
[SourceQuality "1"]

{[%evp 13,144,-4,0,-20,-23,-10,-32,-32,15,0,9,-3,0,-10,-1,-52,-47,-47,-43,-67,-59,-62,-60,-57,-57,-57,-55,-47,-36,-60,-47,-65,-58,-56,-47,-47,-27,-34,-29,-31,-32,-36,-29,-19,0,0,0,-18,0,0,0,0,50,55,42,43,49,52,47,0,0,0,0,-19,8,8,8,8,10,10,10,12,12,8,8,8,8,8,8,8,8,8,8,8,8,8,8,8,8,0,8,-8,0,0,8,8,8,-8,8,8,8,8,8,8,8,8,8,8,8,8,8,8,8,8,8,0,8,8,8,0,8,8,8,8,8,8,8,8,8,8,8,8,8]} 1. e4 e5 2. Nf3 Nc6 3. Bb5 Nf6 4. d3 d6 5. O-O g6 6. c4 Bg7 7. Nc3 O-O {LiveBook: 4 Games. C65: Ruy Lopez: Berlin Defence (3...Nf6), unusual lines and 4 0-0 Bc5} 8. Be3 $146 ({Predecessor:} 8. h3 Nd4 9. Nxd4 exd4 10. Ne2 Nd7 11. Ba4 Nc5 12. Bc2 a5 13. Rb1 f5 14. exf5 Bxf5 15. Ng3 {½-½ (22) Gomez Garrido,C (2553)-Ortega Amarelle,M (2466) Varadero 2016}) 8... Ng4 9. Bg5 f6 10. Bd2 f5 11. Bg5 Nf6 12. Nd5 fxe4 13. dxe4 Bg4 {White should prevent ...Nd4.} 14. c5 (14. Bxc6 $11 bxc6 15. Ne3) 14... Bxf3 $15 15. Qxf3 Nd4 16. Qd3 c6 17. Nxf6+ Bxf6 18. Bc4+ Kg7 19. Bxf6+ Qxf6 20. cxd6 Qxd6 21. Rad1 Rad8 22. a3 g5 23. Qe3 Qg6 24. f3 Rf4 25. Rd2 h5 26. Rdf2 Rdf8 27. b4 Qh6 28. a4 Qd6 29. b5 Qc5 30. Bd3 Kh7 {[%cal Rc6b5]} 31. bxc6 bxc6 32. Kh1 Qe7 33. g3 {[%cal Bg2g3,Bg3f4][%mdl 32]} R4f7 34. f4 gxf4 35. gxf4 {Hoping for f5.} Qh4 {[%cal Rf7f4]} 36. Qg3 (36. f5 {with more complications.} Rg7 37. a5 Qg4 38. Bc4 Rf6 39. Be2) 36... Qxg3 {The position is equal.} 37. hxg3 Rg7 38. Rg2 h4 39. gxh4 {White wants to play f5.} Rxg2 40. Kxg2 exf4 $11 {[%mdl 4096] Endgame KRB-KRN} 41. Kh3 Kh6 42. e5 {Threatens to win with Rg1.} f3 43. Rg1 f2 $1 {[%cal Rf2g1]} 44. Rg6+ Kh5 $132 {[%mdl 2048] Black has counterplay} 45. Rf6 Rxf6 46. exf6 {KB-KN} f1=Q+ 47. Bxf1 Kg6 48. Kg4 (48. Bc4 {keeps more tension.} Kxf6 49. Kg4 a5 50. Bd3 Nb3 51. Bc2) 48... Kxf6 49. Bc4 Nf5 50. Ba6 (50. Ba2 {is interesting.} c5 51. Bb1 Nd6 52. h5 Kg7 53. Kg5) 50... Nd4 51. Kh5 Ne6 52. Bc4 {[#] Strongly threatening Bxe6.} Ng7+ 53. Kg4 Nf5 54. Bd3 Nd6 55. Kh5 Kg7 (55... Nf5 $5 56. Kg4 $8 Nd6 $14) 56. Kg5 Nb7 57. h5 {[%cal Bh4h5,Bh5h6][%mdl 32]} Nc5 58. Bc2 a5 59. h6+ Kh8 60. Kf6 Nd7+ 61. Kf7 Nc5 62. Kg6 Kg8 63. Kf6 Kh8 64. Kg6 Kg8 65. Kf5 Kh7 66. Kg5+ Kg8 67. Kg6 Kh8 68. h7 Nxa4 69. Bxa4 c5 70. Bb3 c4 71. Bxc4 a4 72. Bd5 $1 a3 73. Ba2 $2 {[%mdl 8192] Precision: White = 55%, Black = 64%.} (73. Kf5) 1/2-1/2

[Event "Summer Chess Classic A 2018"]
[Site "Saint Louis"]
[Date "2018.05.23"]
[Round "9"]
[White "Prohaszka, Peter"]
[Black "Zherebukh, Yaroslav"]
[Result "1-0"]
[WhiteElo "2613"]
[BlackElo "2628"]
[Annotator "TA"]
[PlyCount "67"]
[EventDate "2018.??.??"]
[EventType "tourn"]
[EventCountry "USA"]
[SourceTitle "playchess.com"]
[Source "ChessBase"]
[SourceQuality "1"]

{[%evp 21,67,49,106,108,101,104,121,92,90,91,85,86,111,92,115,108,114,127,151,144,181,183,239,239,237,228,228,220,219,220,220,225,289,267,471,485,437,283,535,540,531,529,521,486,1886,1905,1846,1809]} 1. d4 Nf6 2. c4 g6 3. Nc3 Bg7 4. e4 d6 5. Be2 O-O 6. Nf3 e5 7. O-O Na6 8. Be3 Ng4 9. Bg5 f6 10. Bc1 f5 {E94: Königsindisch (Klassisches System)} (10... c6 11. h3 Nh6 12. c5 exd4 13. Bxa6 dxc5 14. Na4 Qe7 15. Qc2 bxa6 16. Bxh6 Bxh6 17. Nxc5 Rd8 18. Rad1 Bf8 19. b4 {½-½ (39) Navara,D (2672)-Svidler,P (2746) Baku 2008}) 11. exf5 exd4 {LiveBook: 3 Partien} (11... Bxf5 $14 12. Bg5 Qe8) 12. Bg5 $16 ({Ein No Go ist} 12. Nxd4 $6 Nxh2 13. Re1 (13. Kxh2 Qh4+ 14. Kg1 Bxd4 $11) 13... gxf5 $14) 12... Qe8 {Weiß steht besser.} 13. Nxd4 $146 ({Vorgänger:} 13. Nd5 gxf5 14. Re1 Kh8 15. Nxd4 Qg6 16. Be7 Rg8 17. h3 Nf6 18. Bf3 {1-0 (27) Fressinet,L (2628)-McShane,L (2614) Germany 2007}) 13... gxf5 14. h3 Nf6 15. Re1 {Und weiter mit Sd5 wäre nett.} Qg6 16. Bf4 Nc5 17. Bf3 Bd7 18. Ndb5 Rfc8 19. Re7 Bf8 20. Re3 $1 {zielt auf b4 ab.} Kh8 {[#]} 21. Nd5 $1 Ne6 {[#]} (21... Bxb5 {war angesagt.} 22. cxb5 Qf7 23. Nxf6 Qxf6) 22. Rxe6 $1 $18 Bxe6 23. Ndxc7 Bxc4 24. Bxb7 Rxc7 25. Nxc7 Rb8 26. Bf3 Rxb2 27. Qd4 ({Weniger gut wäre} 27. Bxd6 Rxf2 28. Bxf8 Rf1+ 29. Qxf1 Bxf1 $14) 27... Rxa2 $2 (27... Rc2 28. Nd5 Bxd5 29. Bxd5 Qg7) 28. Rb1 Bg8 29. Bd5 Rc2 $2 (29... Re2 30. Bxg8 Re4 31. Qxa7 Kxg8) 30. Rb8 {Weiß steht klar auf Gewinn.} Bg7 31. Bxg8 Nxg8 32. Qd5 {[%csl Gd5][%cal Rb8g8]} Bf6 (32... Ba1 $142 33. Ne6 (33. Qxd6 Qxd6 34. Bxd6 Kg7 $16) 33... Re2) 33. Ne8 Rb2 34. Ra8 {Precision: Weiß = 83%, Schwarz = 46%.} 1-0

[Event "Summer Chess Classic A 2018"]
[Site "Saint Louis"]
[Date "2018.05.23"]
[Round "10"]
[White "Akobian, Varuzhan"]
[Black "Durarbayli, Vasif"]
[Result "0-1"]
[WhiteElo "2641"]
[BlackElo "2618"]
[Annotator "TA"]
[PlyCount "98"]
[EventDate "2018.??.??"]
[EventType "tourn"]
[EventCountry "USA"]
[SourceTitle "playchess.com"]
[Source "ChessBase"]
[SourceQuality "1"]

{[%evp 30,98,6,20,17,15,9,16,12,14,31,29,54,46,54,60,50,3,8,7,22,18,19,0,0,0,0,0,-7,-11,0,0,0,-12,0,0,0,0,0,0,0,0,0,0,0,0,0,0,0,0,0,-8,-8,-69,-8,-22,0,0,0,-294,-293,-29984,-29985,-29985,-29986,-29986,-29987,-29987,-29988,-29988,-29989]} 1. d4 Nf6 2. c4 g6 3. Nc3 d5 4. cxd5 Nxd5 5. e4 Nxc3 6. bxc3 Bg7 7. Nf3 c5 8. Be3 Qa5 9. Qd2 Nc6 10. Rb1 a6 11. Rc1 cxd4 12. cxd4 Qxd2+ 13. Kxd2 f5 14. e5 {D85: Exchange Grünfeld: Unusual White 7th moves and lines with 7 Nf3} O-O 15. Bc4+ e6 16. Ke2 {LiveBook: 3 Games. The position is equal.} Bd7 17. h4 Rfc8 (17... Rac8 18. Bd2 h6 19. Bb3 Kf7 20. Rhg1 Rfd8 21. g4 Ne7 {0-1 (53) So,W (2815)-Giri,A (2785) chess.com INT 2017}) 18. Ng5 {[%cal Bf3g5,Bg5h3,Bh3f2][%mdl 32]} Nd8 19. Bb3 h6 20. Nh3 Rxc1 $146 ({Predecessor:} 20... a5 21. Nf4 g5 22. hxg5 hxg5 {½-½ (31) Beckmann,M-Morozov,D (2465) ICCF email 2017}) 21. Rxc1 {Strongly threatening Rc7.} Rc8 $1 22. Rxc8 Bxc8 23. f4 Bf8 24. Nf2 Bd7 25. d5 exd5 $1 26. Bxd5+ Be6 27. Bxe6+ Nxe6 $11 {[%mdl 4096] Endgame KBN-KBN} 28. g3 Kf7 29. Kd3 Bb4 30. Bd2 Nc5+ 31. Kc2 Bxd2 32. Kxd2 {KN-KN} Ke6 33. Ke3 Kd5 34. g4 $1 {Threatening h5.} h5 35. gxf5 gxf5 36. Nd3 Ne6 37. Nf2 b5 38. Nh1 $1 b4 39. Ng3 Ng7 {White should prevent ...a5.} 40. Kd3 a5 {With the idea ...a4.} 41. Nf1 ({White should play} 41. Kc2 $11) 41... a4 (41... Ne6 $15 42. Ne3+ Kc5 43. Nxf5 Nxf4+ 44. Ke4 Nd5) 42. Ng3 $1 a3 {Hoping for ...b3!} 43. Kc2 Kc4 44. e6 $2 {[%mdl 8192]} (44. Nf1 $11 {and White stays safe.}) 44... Nxe6 $19 45. Nxh5 $2 (45. Nxf5 $19 Nxf4 46. Ng3) 45... Nd4+ {Black mates.} 46. Kb1 {[#]} b3 $1 {[%cal Bb4b3,Bb3b2][%mdl 32]} 47. Ng3 {[#]} b2 $1 48. h5 Nb5 49. Ne2 Kd3 {Precision: White = 67%, Black = 69%.} 0-1